[Event "COMMONWEALTH CHESS CHAMPIONSHI"]
[Site "Nagpur,India"]
[Date "2008.10.01"]
[Round "5.60"]
[White "Singh, D P."]
[Black "Cholleti, Sahajasri"]
[Result "1-0"]
[WhiteElo "2299"]
[BlackElo "1918"]
[PlyCount "113"]
[EventDate "2008.09.28"]
[Source "MonRoi"]

1. d4 Nf6 2. Nf3 e6 3. e3 c5 4. b3 cxd4 5. exd4 Be7 6. Bd3 O-O 7. O-O d5 8.
Nbd2 b6 9. Bb2 Bb7 10. Qe2 Nbd7 11. Rad1 Rc8 12. c3 Bd6 13. Ne5 Ne8 14. f4 f5
15. Nef3 Nef6 16. Ng5 Re8 17. Rde1 Nf8 18. h3 Ne4 19. Bxe4 dxe4 20. Nf7 Qe7 21.
Nxd6 Qxd6 22. Nc4 Qd8 23. Ne3 Ng6 24. c4 Qh4 25. Qf2 Qxf2+ 26. Rxf2 Ne7 27. Kh2
Kf7 28. Rd1 Red8 29. Ba3 g6 30. g4 Rd7 31. Kg3 Rcd8 32. Rfd2 Ba8 33. h4 h5 34.
gxh5 gxh5 35. d5 exd5 36. cxd5 Nxd5 37. Nxf5 Ke6 38. Nd4+ Kf7 39. Ne2 Ke6 40.
Kh3 Ne3 41. f5+ Nxf5 42. Rxd7 Rxd7 43. Nf4+ Ke5 44. Ng6+ Kf6 45. Rxd7 Kxg6 46.
Rxa7 Bd5 47. Ra6 e3 48. Rxb6+ Kf7 49. Bb4 e2 50. Be1 Be6 51. Kg2 Nd4 52. Kf2
Bg4 53. a4 Ne6 54. a5 Nc5 55. Rd6 Nxb3 56. a6 Nc5 57. a7 {Black Resigns} 1-0

[Event "COMMONWEALTH CHESS CHAMPIONSHI"]
[Site "Nagpur,India"]
[Date "2008.10.01"]
[Round "5.61"]
[White "R  K  Gupta"]
[Black "Ramnathan, Balasubramaniam"]
[Result "0-1"]
[WhiteElo "1935"]
[BlackElo "2271"]
[PlyCount "45"]
[EventDate "2008.09.28"]
[Source "MonRoi"]

1. Nf3 Nf6 2. c4 e6 3. Nc3 d5 4. e3 Be7 5. d4 O-O 6. Bd2 b6 7. Rc1 Bb7 8. cxd5
exd5 9. Bd3 c5 10. O-O Nbd7 11. b3 Ne4 12. Ne1 Bd6 13. Bxe4 dxe4 14. Nb5 Bb8
15. Bc3 a6 16. Na3 Qg5 17. dxc5 Nxc5 18. Nc4 Bc7 19. Rc2 Bc8 20. f4 exf3 21.
Nxf3 Qh6 22. Ncd2 Bb8 23. Rc1 {Score Sheet is not clear-} 0-1

[Event "COMMONWEALTH CHESS CHAMPIONSHI"]
[Site "Nagpur,India"]
[Date "2008.10.01"]
[Round "5.62"]
[White "Atishay, Ajmera"]
[Black "Saurabh, Kherdekar"]
[Result "0-1"]
[WhiteElo "1931"]
[BlackElo "2213"]
[PlyCount "76"]
[EventDate "2008.09.28"]
[Source "MonRoi"]

1. d4 d6 2. Nf3 Bg4 3. Nbd2 Nf6 4. g3 g6 5. Bg2 Bg7 6. O-O O-O 7. h3 Bxf3 8.
Nxf3 c6 9. c4 Nbd7 10. Re1 e5 11. e4 exd4 12. Nxd4 Re8 13. Nb3 a5 14. Bf4 a4
15. Nd2 Nc5 16. Qc2 Ne6 17. Be3 Nd7 18. Rad1 Nd4 19. Qb1 c5 20. f4 Nb8 21. Nf3
Nbc6 22. Bxd4 Bxd4+ 23. Nxd4 Nxd4 24. Kh2 Rb8 25. f5 b5 26. fxg6 hxg6 27. e5
Rxe5 28. Rxe5 dxe5 29. Bd5 Kg7 30. Rf1 f5 31. Qe1 Qd6 32. Rf2 bxc4 33. Bxc4
Rxb2 34. Kg1 e4 35. Qc3 Rxf2 36. Kxf2 Qb6 37. a3 Qb1 38. Be2 Qa2 0-1

[Event "COMMONWEALTH CHESS CHAMPIONSHI"]
[Site "Nagpur,India"]
[Date "2008.10.01"]
[Round "5.63"]
[White "Anuja Bombatkar"]
[Black "Jabbar, Abdul"]
[Result "0-1"]
[WhiteElo "1927"]
[BlackElo "2211"]
[PlyCount "80"]
[EventDate "2008.09.28"]
[Source "MonRoi"]

1. d4 d5 2. c4 dxc4 3. Nc3 Nc6 4. e3 Nf6 5. Bxc4 e6 6. Nf3 a6 7. a3 b5 8. Bd3
Bd6 9. Bd2 e5 10. Qc2 Bd7 11. Ne4 exd4 12. Nxf6+ Qxf6 13. Be4 O-O 14. Rc1 dxe3
15. Bxe3 Ne5 16. Bxa8 Rxa8 17. Nxe5 Qxe5 18. Kf1 Re8 19. Qc3 Qe4 20. Qd4 Qf5
21. b4 Be5 22. Qd2 Be6 23. f3 Bc4+ 24. Kf2 Qf6 25. Rcd1 Qg6 26. g3 h5 27. f4
Bf6 28. h4 Kh7 29. Rhe1 Bb3 30. Rc1 Rd8 31. Qe2 Bd5 32. Rg1 Re8 33. Qc2 Be4 34.
Qe2 Bd3 35. Qf3 Bf5 36. Rc5 Bg4 37. Qd5 Rd8 38. Qb3 Qe4 39. Qc2 Rd3 40. Re1 g6
0-1

[Event "COMMONWEALTH CHESS CHAMPIONSHI"]
[Site "Nagpur,India"]
[Date "2008.10.01"]
[Round "5.64"]
[White "Venkata Ramana, J."]
[Black "Sweety, Patel"]
[Result "1-0"]
[WhiteElo "2205"]
[BlackElo "1902"]
[PlyCount "63"]
[EventDate "2008.09.28"]
[Source "MonRoi"]

1. Nf3 Nf6 2. g3 g6 3. d4 Bg7 4. Bg2 O-O 5. O-O d6 6. c4 Nbd7 7. Nc3 e5 8. Qc2
c6 9. Rd1 Qe7 10. b3 e4 11. Ng5 d5 12. cxd5 cxd5 13. Nb5 Ne8 14. Nh3 Nc5 15.
Ba3 b6 16. dxc5 Bxa1 17. cxb6 Qd7 18. Nxa7 Be5 19. Bxf8 Kxf8 20. Qc5+ Bd6 21.
Qxd5 Bb7 22. Qd4 Kg8 23. Ng5 Qe7 24. Nxe4 Rd8 25. Nf6+ Nxf6 26. Bxb7 Qxe2 27.
Ba6 Qxa6 28. Qxf6 Qxb6 29. Nc6 Bc7 30. Rxd8+ Bxd8 31. Qxd8+ Qxd8 32. Nxd8 {
Black Resigns} 1-0

[Event "COMMONWEALTH CHESS CHAMPIONSHI"]
[Site "Nagpur,India"]
[Date "2008.10.01"]
[Round "5.65"]
[White "Thipsay, Bagyashree Sathe"]
[Black "Sharath, E."]
[Result "1-0"]
[WhiteElo "2195"]
[BlackElo "1897"]
[PlyCount "89"]
[EventDate "2008.09.28"]
[Source "MonRoi"]

1. e4 c6 2. d4 d5 3. exd5 cxd5 4. c4 Nf6 5. Nc3 Nc6 6. Bg5 e6 7. Nf3 dxc4 8.
Bxc4 Be7 9. O-O O-O 10. Rc1 h6 11. Be3 Bd6 12. Qe2 Qe7 13. a3 a6 14. Ba2 e5 15.
d5 Nb8 16. Nd2 Re8 17. Nde4 Nbd7 18. b4 Kh8 19. Nxd6 Qxd6 20. Rfd1 b6 21. f3 e4
22. Nxe4 Nxe4 23. fxe4 Rxe4 24. Bb1 Re8 25. Qc2 Nf8 26. Bf2 Bg4 27. Rd2 Rac8
28. Qb2 Rxc1+ 29. Qxc1 Rc8 30. Qb2 b5 31. Bc5 Qd7 32. h3 Bf5 33. Ba2 Re8 34.
Kh2 Nh7 35. Re2 Ng5 36. Rxe8+ Qxe8 37. Bd4 f6 38. Bxf6 Qg6 39. Bxg5 Qxg5 40.
Qe5 Qg6 41. d6 Bd7 42. Bd5 Bc8 43. Qe7 Bf5 44. Qf8+ Kh7 45. Qg8# 1-0

[Event "COMMONWEALTH CHESS CHAMPIONSHI"]
[Site "Nagpur,India"]
[Date "2008.10.01"]
[Round "5.66"]
[White "Santhosbaala, R S."]
[Black "Ankit, R  Rajpara"]
[Result "0-1"]
[WhiteElo "1915"]
[BlackElo "2194"]
[PlyCount "108"]
[EventDate "2008.09.28"]
[Source "MonRoi"]

1. e4 c5 2. Nf3 Nc6 3. d4 cxd4 4. Nxd4 Nf6 5. Nc3 g6 6. Be3 Bg7 7. Bc4 O-O 8.
Bb3 d6 9. h3 Bd7 10. O-O Nxd4 11. Bxd4 Bc6 12. Qd3 Nd7 13. Bxg7 Kxg7 14. Rad1
Qa5 15. Qd4+ Kg8 16. f4 Qc5 17. f5 Qxd4+ 18. Rxd4 Kg7 19. g4 g5 20. f6+ Nxf6
21. Nd5 Bxd5 22. exd5 Nd7 23. c4 Ne5 24. Bc2 Rac8 25. b3 Rh8 26. Bd1 a6 27. a4
Rc7 28. Rf2 Ng6 29. Kh2 Rhc8 30. Kg3 Ne5 31. Rf5 h6 32. Rf2 b5 33. axb5 axb5
34. cxb5 Rc3+ 35. Kh2 Rf8 36. Be2 Rxb3 37. Ra4 Rb2 38. Kg3 Rc8 39. Bf1 Rc3+ 40.
Kg2 Rbb3 41. Kh2 Rc1 42. Ra7 Ng6 43. Rb7 Rbb1 44. Bg2 Rc5 45. Bf1 Rcc1 46. Bg2
Rc4 47. Ra7 Rxb5 48. Bf1 Rf4 49. Rxf4 Rb2+ 50. Kg3 gxf4+ 51. Kf3 Ne5+ 52. Ke4
Kf6 53. Ra4 f3 54. Kf4 Rb1 {White Resigns} 0-1

[Event "COMMONWEALTH CHESS CHAMPIONSHI"]
[Site "Nagpur,India"]
[Date "2008.10.01"]
[Round "5.68"]
[White "Dhar-Barua, Saheli"]
[Black "Satvik, M."]
[Result "1-0"]
[WhiteElo "2180"]
[BlackElo "1891"]
[PlyCount "53"]
[EventDate "2008.09.28"]
[Source "MonRoi"]

1. e4 c5 2. Nf3 d6 3. d4 cxd4 4. Nxd4 Nf6 5. Nc3 g6 6. Be3 Bg7 7. f3 O-O 8. Qd2
Nc6 9. Bc4 Bd7 10. h4 Ne5 11. Bb3 Qa5 12. h5 Nxh5 13. g4 Bxg4 14. fxg4 Nxg4 15.
O-O-O Bf6 16. Nf5 Ng3 17. Nxg3 Nxe3 18. Qh2 h5 19. Nxh5 Qxh5 20. Qxh5 gxh5 21.
Rdg1+ Bg7 22. Rxh5 Rfc8 23. Rhg5 e6 24. Rxg7+ Kf8 25. R7g3 Nc4 26. Bxc4 Rxc4
27. Rg8+ {Black Resigns} 1-0

[Event "COMMONWEALTH CHESS CHAMPIONSHI"]
[Site "Nagpur,India"]
[Date "2008.10.01"]
[Round "5.69"]
[White "Rahul, Joshi"]
[Black "Pon, N  Krithika"]
[Result "0-1"]
[WhiteElo "1902"]
[BlackElo "2156"]
[PlyCount "66"]
[EventDate "2008.09.28"]
[Source "MonRoi"]

1. e4 Nf6 2. e5 Nd5 3. d4 d6 4. Nf3 g6 5. Bc4 c6 6. O-O Bg7 7. exd6 Qxd6 8. Re1
O-O 9. Bg5 Re8 10. Nbd2 Bg4 11. Bb3 Nd7 12. Ne4 Qc7 13. c4 N5f6 14. h3 Bf5 15.
Ng3 Be6 16. d5 cxd5 17. cxd5 Bf5 18. Nxf5 gxf5 19. Nd4 Ne4 20. Nxf5 Nxg5 21. h4
Qf4 22. Nxg7 Kxg7 23. hxg5 Ne5 24. Qe2 Ng4 25. Qf3 Qh2+ 26. Kf1 Qh1+ 27. Ke2
Qh5 28. Qf5 Nh6+ 29. g4 Nxg4 30. Rh1 Nh6+ 31. Rxh5 Nxf5 32. Rd1 Rac8 33. f4
Ng3+ 0-1

[Event "COMMONWEALTH CHESS CHAMPIONSHI"]
[Site "Nagpur,India"]
[Date "2008.10.01"]
[Round "5.71"]
[White "Srivastava, V K."]
[Black "Sahoo, Utkal Ranjan"]
[Result "0-1"]
[WhiteElo "1891"]
[BlackElo "2124"]
[PlyCount "44"]
[EventDate "2008.09.28"]
[Source "MonRoi"]

1. e4 e5 2. Nf3 Nc6 3. d4 exd4 4. Bc4 Nf6 5. O-O Nxe4 6. Re1 d5 7. Bxd5 Qxd5 8.
Nc3 Qa5 9. Nxe4 Be6 10. Bd2 Bb4 11. Nxd4 Nxd4 12. c3 O-O-O 13. cxb4 Qd5 14. b3
Bf5 15. Ng3 Nc2 16. Rc1 Nxe1 17. Qxe1 Qxd2 18. Nxf5 Qxe1+ 19. Rxe1 Rhe8 20. Rc1
g6 21. Ne3 Rd2 22. a4 Rd3 0-1

[Event "COMMONWEALTH CHESS CHAMPIONSHI"]
[Site "Nagpur,India"]
[Date "2008.10.01"]
[Round "5.72"]
[White "Sathya, Priya S V"]
[Black "Tejas Ravichandran"]
[Result "0-1"]
[WhiteElo "1882"]
[BlackElo "2123"]
[PlyCount "46"]
[EventDate "2008.09.28"]
[Source "MonRoi"]

1. d4 Nf6 2. c4 e6 3. Nc3 Bb4 4. e3 b6 5. Nf3 Bb7 6. Qb3 c5 7. a3 Bxc3+ 8. Qxc3
Ne4 9. Qc2 O-O 10. Bd3 f5 11. O-O d6 12. Nd2 Qh4 13. dxc5 Nxc5 14. Be2 Rf6 15.
Bf3 Rh6 16. h3 Ne4 17. Nxe4 fxe4 18. Be2 Nd7 19. Rd1 Rg6 20. Bg4 Ne5 21. Rxd6
Nxg4 22. hxg4 Qxg4 23. g3 Qh3 0-1

[Event "COMMONWEALTH CHESS CHAMPIONSHI"]
[Site "Nagpur,India"]
[Date "2008.10.01"]
[Round "5.74"]
[White "Pendalwar, Pankaj"]
[Black "Manush, Shah"]
[Result "1-0"]
[WhiteElo "2115"]
[BlackElo "1863"]
[PlyCount "51"]
[EventDate "2008.09.28"]
[Source "MonRoi"]

1. e4 c5 2. Nf3 e6 3. d4 cxd4 4. Nxd4 a6 5. Be2 Qc7 6. O-O Nc6 7. Nxc6 dxc6 8.
a4 a5 9. Nd2 Nf6 10. Bd3 e5 11. Nc4 Be6 12. Qe2 Bxc4 13. Bxc4 Bc5 14. Bg5 Be7
15. Kh1 h6 16. Bd2 Bd6 17. Rad1 O-O 18. Qf3 Qe7 19. Qg3 Kh7 20. Qh4 Rfe8 21.
Qh3 Nd7 22. Qf5+ Kg8 23. Bxh6 gxh6 24. Qg6+ Kf8 25. Qxh6+ Kg8 26. Rd3 {Black
Resigns} 1-0

[Event "COMMONWEALTH CHESS CHAMPIONSHI"]
[Site "Nagpur,India"]
[Date "2008.10.01"]
[Round "5.76"]
[White "Anantharam, R U."]
[Black "Girish, A  Koushik"]
[Result "0-1"]
[WhiteElo "1782"]
[BlackElo "2108"]
[PlyCount "54"]
[EventDate "2008.09.28"]
[Source "MonRoi"]

1. e4 c5 2. Nf3 d6 3. d4 cxd4 4. Nxd4 Nf6 5. Nc3 g6 6. f3 Bg7 7. Be3 O-O 8. Qd2
Nc6 9. g4 Be6 10. O-O-O Nxd4 11. Bxd4 Qa5 12. a3 Rab8 13. h4 Rfc8 14. Nd5 Qxd2+
15. Rxd2 Bxd5 16. exd5 b5 17. Bxa7 Ra8 18. Bd4 b4 19. Rd3 bxa3 20. bxa3 Ra5 21.
Kb2 Rxd5 22. c3 Rb5+ 23. Ka2 Ra5 24. Bb6 Ra6 25. Rxd6 exd6 26. Bxa6 Rc6 27. Rb1
Nd5 {White Resigns} 0-1

[Event "COMMONWEALTH CHESS CHAMPIONSHI"]
[Site "Nagpur,India"]
[Date "2008.10.01"]
[Round "5.77"]
[White "Sunyasakta, Satpathy"]
[Black "Ajith, M P."]
[Result "0-1"]
[WhiteElo "1753"]
[BlackElo "2104"]
[PlyCount "98"]
[EventDate "2008.09.28"]
[Source "MonRoi"]

1. e4 c5 2. d4 cxd4 3. c3 d3 4. Bxd3 Nc6 5. c4 d6 6. Nc3 g6 7. Be3 Bg7 8. Qd2
Nf6 9. Nge2 Ne5 10. f4 Nxd3+ 11. Qxd3 O-O 12. O-O-O Qa5 13. h3 Be6 14. Nd4 Rfc8
15. Nxe6 fxe6 16. g4 Qb4 17. b3 b5 18. Nxb5 Qxb5 19. g5 Nd7 20. h4 Qb4 21. Kb1
Nb6 22. Rc1 Na4 23. Bd4 Nc5 24. Bxc5 Rxc5 25. h5 Rb8 26. hxg6 hxg6 27. Qh3 Kf7
28. f5 exf5 29. exf5 Rxf5 30. Rcf1 e6 31. Rxf5+ exf5 32. Qd3 Qc3 33. Qxc3 Bxc3
34. Rh7+ Bg7 35. Kc2 Re8 36. Kd3 a5 37. Rh3 Re4 38. Rg3 Be5 39. Rg2 Rd4+ 40.
Ke2 Ke6 41. a3 f4 42. Rg1 Kf5 43. Rc1 Ke4 44. b4 f3+ 45. Kf1 axb4 46. axb4 Rd2
47. c5 dxc5 48. bxc5 Rh2 49. Re1+ Kf4 {White Resigns} 0-1

[Event "COMMONWEALTH CHESS CHAMPIONSHI"]
[Site "Nagpur,India"]
[Date "2008.10.01"]
[Round "5.78"]
[White "Divyasri, Ch"]
[Black "Teenu Thomas"]
[Result "1/2-1/2"]
[WhiteElo "2081"]
[BlackElo "1859"]
[PlyCount "59"]
[EventDate "2008.09.28"]
[Source "MonRoi"]

1. e4 c5 2. c3 d5 3. exd5 Qxd5 4. d4 e6 5. Nf3 Nf6 6. Be2 Nc6 7. O-O Be7 8. c4
Qd8 9. dxc5 Bxc5 10. Nc3 O-O 11. a3 a6 12. Qc2 Qc7 13. Bg5 Be7 14. b4 Ng4 15.
h3 Nge5 16. Bf4 Bd6 17. Nxe5 Bxe5 18. Bxe5 Qxe5 19. Bf3 Nd4 20. Qe4 Nxf3+ 21.
Qxf3 Qc7 22. Rac1 Bd7 23. Rfd1 Bc6 24. Qe3 Rfd8 25. Rxd8+ Qxd8 26. b5 Be8 27.
Ne2 axb5 28. cxb5 Qa5 29. Nd4 Qb6 30. Rc4 1/2-1/2

[Event "COMMONWEALTH CHESS CHAMPIONSHI"]
[Site "Nagpur,India"]
[Date "2008.10.01"]
[Round "5.79"]
[White "Harini, S."]
[Black "Hetul, Shah"]
[Result "1-0"]
[WhiteElo "2070"]
[BlackElo "1815"]
[PlyCount "63"]
[EventDate "2008.09.28"]
[Source "MonRoi"]

1. e4 c5 2. Nf3 d6 3. d4 cxd4 4. Nxd4 Nf6 5. Nc3 a6 6. Bc4 e6 7. Bb3 Nc6 8. Be3
Qc7 9. Qe2 b5 10. O-O-O Na5 11. f3 Nd7 12. g4 Nc5 13. Bd5 Bb7 14. b4 exd5 15.
Nxd5 Bxd5 16. exd5 O-O-O 17. bxa5 Qxa5 18. Nc6 Qa3+ 19. Kb1 Na4 20. Bd4 Nc3+
21. Bxc3 Qxc3 22. Rd3 Qf6 23. Qf2 Rd7 24. Qb6 Rb7 25. Qxa6 Kc7 26. Na5 Rb8 27.
Qc6+ Kd8 28. Re1 Be7 29. Rc3 Qxc3 30. Qxc3 Rc8 31. Nc6+ Kc7 32. Rxe7+ {Black
Resigns} 1-0

[Event "COMMONWEALTH CHESS CHAMPIONSHI"]
[Site "Nagpur,India"]
[Date "2008.10.01"]
[Round "5.80"]
[White "Raghavi, N."]
[Black "Nandhidhaa, P  V."]
[Result "1-0"]
[WhiteElo "2064"]
[BlackElo "1797"]
[PlyCount "111"]
[EventDate "2008.09.28"]
[Source "MonRoi"]

1. e4 c5 2. Nf3 d6 3. d4 cxd4 4. Nxd4 Nf6 5. Nc3 g6 6. Be2 Bg7 7. O-O O-O 8.
Bg5 Nc6 9. Nb3 Be6 10. Re1 Rc8 11. Bf1 Re8 12. Nd5 Bxd5 13. exd5 Ne5 14. Rc1
Nc4 15. Bxc4 Rxc4 16. Qd3 Rc7 17. c4 Nd7 18. Nd4 Ne5 19. Qd2 a6 20. b3 Qc8 21.
Qe2 Ng4 22. h3 Nf6 23. a4 Rd7 24. Rc2 Qc7 25. Rec1 Qc5 26. Be3 Qc7 27. Qd3 Rdd8
28. Bd2 Bf8 29. Bc3 Qb6 30. Qd2 Qc5 31. Bb4 Qc8 32. Ba5 Rd7 33. Bb6 Bg7 34. Qf4
Nh5 35. Qe3 Be5 36. g3 e6 37. dxe6 fxe6 38. Nf3 Bg7 39. Qd3 Qc6 40. Bd4 e5 41.
Bb2 Rf8 42. Nd2 Nf6 43. Ba3 Rff7 44. Re1 Bf8 45. Nf1 Qc8 46. Ne3 Rd8 47. Kg2
Qc6+ 48. Nd5 Qd7 49. Nxf6+ Rxf6 50. Qd5+ Rf7 51. Rd1 Qf5 52. Rdd2 Rc8 53. Bxd6
Bxd6 54. Qxd6 Qf3+ 55. Kh2 Qxb3 56. Qxe5 1-0

[Event "COMMONWEALTH CHESS CHAMPIONSHI"]
[Site "Nagpur,India"]
[Date "2008.10.01"]
[Round "5.83"]
[White "Rishi, Thariani"]
[Black "Soumya, Shrivastava"]
[Result "1-0"]
[WhiteElo "2021"]
[BlackElo "1768"]
[PlyCount "63"]
[EventDate "2008.09.28"]
[Source "MonRoi"]

1. e4 d5 2. exd5 Qxd5 3. Nc3 Qa5 4. Bc4 Nf6 5. d3 c6 6. Nge2 Bg4 7. f3 Bf5 8.
O-O e6 9. Ng3 Bg6 10. Kh1 Qc7 11. Nce4 Nbd7 12. Bg5 Be7 13. Qd2 O-O 14. Rae1
Bxe4 15. fxe4 Bd6 16. Bh4 a5 17. d4 e5 18. Nf5 Kh8 19. Nxg7 exd4 20. Rxf6 Be5
21. Qh6 Bxf6 22. Bxf6 Nxf6 23. Qxf6 Qd8 24. Qh6 Rg8 25. Nf5 Rg6 26. Qh3 Qf6 27.
Rf1 Qe5 28. Nh6 Qxe4 29. Nxf7+ Kg7 30. Bd3 Rf6 31. Rxf6 Qe1+ 32. Rf1 1-0

[Event "COMMONWEALTH CHESS CHAMPIONSHI"]
[Site "Nagpur,India"]
[Date "2008.10.01"]
[Round "5.84"]
[White "Simantini Huchche"]
[Black "Patil, Pratik"]
[Result "0-1"]
[WhiteElo "1588"]
[BlackElo "2003"]
[PlyCount "70"]
[EventDate "2008.09.28"]
[Source "MonRoi"]

1. Nf3 Nf6 2. c4 g6 3. b3 Bg7 4. Bb2 O-O 5. d4 c6 6. Nbd2 d5 7. g3 Nbd7 8. Bg2
b6 9. O-O Bb7 10. e3 Ne8 11. Rc1 f5 12. Ng5 Rf6 13. Nh3 Nc7 14. Nf4 e6 15. f3
Bh6 16. Qe2 Bxf4 17. exf4 Qf8 18. a3 h6 19. Rfe1 Qg7 20. Nf1 Kh7 21. Rcd1 Rg8
22. Bc1 g5 23. Kh1 Rg6 24. Bh3 Nf6 25. Qe5 Qf7 26. Qd6 g4 27. fxg4 Ne4 28. Qe5
Nf2+ 29. Kg2 Nxh3 30. gxf5 exf5 31. Qe2 dxc4 32. bxc4 c5+ 33. Kxh3 Re6 34. d5
Rxe2 35. Rxe2 Qh5+ 0-1

[Event "COMMONWEALTH CHESS CHAMPIONSHI"]
[Site "Nagpur,India"]
[Date "2008.10.01"]
[Round "5.86"]
[White "Pradip Tiwari"]
[Black "Navya Vyshnavi Mannepalli"]
[Result "1-0"]
[WhiteElo "1960"]
[BlackElo "1752"]
[PlyCount "111"]
[EventDate "2008.09.28"]
[Source "MonRoi"]

1. e4 g6 2. d4 Bg7 3. Nc3 e6 4. Be2 Ne7 5. f3 d5 6. Be3 c5 7. Qd2 Nbc6 8. exd5
exd5 9. Bb5 O-O 10. Bxc6 Nxc6 11. Nge2 cxd4 12. Nxd4 Nxd4 13. Bxd4 Re8+ 14. Kf1
Bf5 15. Bxg7 Kxg7 16. g4 Be6 17. h4 h6 18. Rd1 Qf6 19. Kg2 Rad8 20. h5 g5 21.
Rhe1 b6 22. b3 a6 23. Ne2 Bc8 24. Nd4 b5 25. Qd3 Kg8 26. Qc3 Rxe1 27. Rxe1 Be6
28. Qd2 Re8 29. a3 Kg7 30. Kg3 Kg8 31. f4 gxf4+ 32. Qxf4 Qxf4+ 33. Kxf4 Kg7 34.
Re2 Kf6 35. c3 Rg8 36. Rg2 Rc8 37. Rg3 Bd7 38. Rd3 Rg8 39. Nf5 Bxf5 40. gxf5
Rd8 41. Rd4 Rc8 42. Rxd5 Rxc3 43. Rd6+ Kg7 44. Rxa6 Rh3 45. f6+ Kh7 46. Ra7 Kg8
47. Ra8+ Kh7 48. Rf8 Rxb3 49. Rxf7+ Kg8 50. Rg7+ Kf8 51. Kf5 Rf3+ 52. Kg6 Rxa3
53. Rb7 Re3 54. Rb8+ Re8 55. Rxe8+ Kxe8 56. Kg7 1-0

[Event "COMMONWEALTH CHESS CHAMPIONSHI"]
[Site "Nagpur,India"]
[Date "2008.10.01"]
[Round "5.87"]
[White "Shristi, J  Shetty"]
[Black "Ishwar, Ramteke"]
[Result "1-0"]
[WhiteElo "1959"]
[BlackElo "1741"]
[PlyCount "33"]
[EventDate "2008.09.28"]
[Source "MonRoi"]

1. e4 e5 2. Nf3 d6 3. d4 exd4 4. Nxd4 Nf6 5. Nc3 Be7 6. Bc4 a6 7. a4 O-O 8. O-O
h6 9. h3 c5 10. Nf3 Nc6 11. Bf4 Re8 12. Qd2 Bf8 13. Rfe1 Be6 14. Bxe6 fxe6 15.
Bg3 e5 16. Bh4 Na5 17. Nd5 {Score Sheet is Unavailable} 1-0

[Event "COMMONWEALTH CHESS CHAMPIONSHI"]
[Site "Nagpur,India"]
[Date "2008.10.01"]
[Round "5.88"]
[White "Chatterjee, Debaraj"]
[Black "Anjana Krishna, S."]
[Result "1-0"]
[WhiteElo "2231"]
[BlackElo "1845"]
[PlyCount "95"]
[EventDate "2008.09.28"]
[Source "MonRoi"]

1. d4 d5 2. Nf3 Nf6 3. c4 e6 4. g3 c6 5. Qc2 Bd6 6. Bg2 O-O 7. O-O Nbd7 8. Nbd2
Re8 9. b3 Bf8 10. Bb2 b6 11. e4 dxe4 12. Nxe4 Bb7 13. Ne5 Nxe5 14. dxe5 Nxe4
15. Bxe4 h6 16. f4 Qc7 17. g4 Qe7 18. Qg2 Rab8 19. Kh1 c5 20. f5 Bxe4 21. Qxe4
Qb7 22. Qxb7 Rxb7 23. Rad1 Ree7 24. Rd8 Red7 25. Rd1 Rxd1+ 26. Rxd1 exf5 27.
gxf5 Re7 28. Rd8 f6 29. e6 Rb7 30. Kg2 a6 31. a4 Ra7 32. Kf3 Re7 33. Ke4 Ra7
34. Kd5 Rc7 35. Bc1 g5 36. fxg6 Kg7 37. Bxh6+ Kxh6 38. Rxf8 Kg7 39. Rf7+ Rxf7
40. exf7 f5 41. Ke5 f4 42. Kxf4 Kf8 43. Kg5 Kg7 44. h4 a5 45. h5 b5 46. h6+ Kf8
47. Kf6 b4 48. g7# 1-0

[Event "COMMONWEALTH CHESS CHAMPIONSHI"]
[Site "Nagpur,India"]
[Date "2008.10.01"]
[Round "5.89"]
[White "Eshwanth Dev Kumar J"]
[Black "Mitali, Madhukar Patil"]
[Result "1/2-1/2"]
[WhiteElo "1826"]
[BlackElo "2050"]
[PlyCount "126"]
[EventDate "2008.09.28"]
[Source "MonRoi"]

1. e4 d6 2. d4 Nf6 3. Bd3 e5 4. d5 Be7 5. c4 O-O 6. Nc3 Na6 7. a3 Nc5 8. Bc2 a5
9. f3 Nh5 10. Be3 Bg5 11. Bxg5 Qxg5 12. Qd2 Qe7 13. g4 Nf4 14. O-O-O Bd7 15. b3
Rfb8 16. Nb5 Bxb5 17. cxb5 a4 18. b4 Nb3+ 19. Bxb3 axb3 20. Kb2 Qd7 21. Ne2
Qxb5 22. Nxf4 exf4 23. Qd3 Qe8 24. Ra1 Ra6 25. Rhc1 Rc8 26. Qxb3 c6 27. Rc3 Qe5
28. Rac1 Rb6 29. Ka2 Ra6 30. b5 Rb6 31. dxc6 Rxb5 32. cxb7 Rf8 33. b8=Q Rbxb8
34. Qxb8 Rxb8 35. Rc8+ Qe8 36. Rxe8+ Rxe8 37. Rc6 Rd8 38. Kb3 Kf8 39. Kc4 Ke7
40. Kd5 Ra8 41. Rc7+ Kf6 42. Rc3 Ra6 43. h4 h6 44. Kc4 Ke5 45. Kb5 Ra8 46. Rd3
Rb8+ 47. Kc6 Ra8 48. Rd5+ Ke6 49. Rxd6+ Ke7 50. Rd3 g6 51. e5 Ra5 52. Rd4 Rxa3
53. Rxf4 Rd3 54. Rf6 h5 55. gxh5 gxh5 56. Kc5 Rd1 57. Rf5 Ke6 58. Rxh5 Rf1 59.
Kd4 Rxf3 60. Ke4 Rf1 61. Rh6+ f6 62. exf6 Rxf6 63. Rh7 Rf7 1/2-1/2

[Event "COMMONWEALTH CHESS CHAMPIONSHI"]
[Site "Nagpur,India"]
[Date "2008.10.01"]
[Round "5.91"]
[White "Mohana, Priya J"]
[Black "Shah, Dhruv"]
[Result "1-0"]
[WhiteElo "2048"]
[BlackElo "1791"]
[PlyCount "117"]
[EventDate "2008.09.28"]
[Source "MonRoi"]

1. d4 f5 2. c4 Nf6 3. Nf3 g6 4. g3 Bg7 5. Bg2 O-O 6. Nc3 d6 7. d5 Bd7 8. O-O
Na6 9. Nd4 Qe8 10. Re1 c6 11. Bf4 Nh5 12. e3 h6 13. Bf3 Nf6 14. h4 Nc5 15. e4
fxe4 16. Nxe4 Ncxe4 17. Bxe4 c5 18. Ne6 Bxe6 19. dxe6 Nxe4 20. Rxe4 Qc6 21. Re2
Rf5 22. Qd2 Kh7 23. Rf1 Raf8 24. f3 b5 25. b3 bxc4 26. bxc4 Qa4 27. Qd3 Qc6 28.
Kg2 Kh8 29. Bd2 d5 30. cxd5 Qxd5 31. Qxd5 Rxd5 32. Rc1 Rc8 33. Bb4 Bd4 34. f4
Kg7 35. g4 Kf6 36. g5+ hxg5 37. fxg5+ Kg7 38. Re4 Rf8 39. Be1 Rdf5 40. Bg3 Rd5
41. Rb1 Rfd8 42. Rb7 Kf8 43. Rf4+ Rf5 44. Rxf5+ gxf5 45. Rxa7 Rc8 46. Rc7 Ra8
47. h5 Rxa2+ 48. Kh3 Ra8 49. h6 Be3 50. Kh4 Re8 51. Be5 Kg8 52. Kh5 Bd4 53.
Bxd4 cxd4 54. Rd7 f4 55. Kg4 Rf8 56. Kf3 Rf5 57. g6 Rf6 58. h7+ Kg7 59. Rxe7+
1-0

[Event "COMMONWEALTH CHESS CHAMPIONSHI"]
[Site "Nagpur,India"]
[Date "2008.10.01"]
[Round "5.92"]
[White "Kamath, Shreyas M"]
[Black "Deepthamsh, Reddy  M"]
[Result "0-1"]
[WhiteElo "1729"]
[BlackElo "2017"]
[PlyCount "66"]
[EventDate "2008.09.28"]
[Source "MonRoi"]

1. e4 c5 2. Nf3 d6 3. d4 cxd4 4. Nxd4 Nf6 5. Nc3 a6 6. h3 e5 7. Nb3 Be6 8. Be3
b5 9. Qf3 Nbd7 10. g4 Nb6 11. Bxb6 Qxb6 12. O-O-O b4 13. Nd5 Nxd5 14. exd5 Bd7
15. Qe3 Qxe3+ 16. fxe3 a5 17. Bc4 Be7 18. Nd2 h5 19. Rdg1 Bg5 20. Nf1 hxg4 21.
hxg4 Rxh1 22. Rxh1 Ke7 23. Bd3 Rc8 24. Rh7 Kf6 25. Rh2 Bxg4 26. Rf2+ Ke7 27.
Rg2 f5 28. Kb1 Kf6 29. Nh2 Bh5 30. e4 g6 31. exf5 gxf5 32. Rf2 Bf4 33. Nf1 Bg5
0-1

[Event "COMMONWEALTH CHESS CHAMPIONSHI"]
[Site "Nagpur,India"]
[Date "2008.10.01"]
[Round "5.93"]
[White "Krishna Teja, N."]
[Black "Yashas, D."]
[Result "0-1"]
[WhiteElo "1766"]
[BlackElo "1992"]
[PlyCount "86"]
[EventDate "2008.09.28"]
[Source "MonRoi"]

1. d4 Nf6 2. c4 e6 3. Nc3 Bb4 4. f3 Nh5 5. Be3 O-O 6. Bf2 f5 7. e3 c5 8. a3 Ba5
9. Nge2 cxd4 10. exd4 Bxc3+ 11. Nxc3 b6 12. f4 Nf6 13. Be2 Bb7 14. Bf3 d5 15.
Bh4 Nbd7 16. cxd5 exd5 17. O-O Qe8 18. Re1 Ne4 19. Nb5 Qg6 20. Nc7 Rac8 21. Bh5
Qd6 22. Nb5 Qxf4 23. Be7 Qf2+ 24. Kh1 Rc2 25. Re2 Rxe2 26. Qxe2 Qxe2 27. Bxe2
Re8 28. Bh4 g5 29. Be1 Nf2+ 30. Bxf2 Rxe2 31. Bg1 Rxb2 32. Nd6 Ba6 33. Nxf5 Nf6
34. Re1 Bd3 35. Re6 Nh5 36. Ne7+ Kf7 37. Rh6 Nf4 38. Nc6 Be4 39. Ne5+ Kg7 40.
Rxh7+ Kxh7 41. Nf3 Rxg2 42. Be3 Bxf3 43. Bxf4 Rg4# 0-1

[Event "COMMONWEALTH CHESS CHAMPIONSHI"]
[Site "Nagpur,India"]
[Date "2008.10.01"]
[Round "5.94"]
[White "Ghate, V N."]
[Black "Ashwini U"]
[Result "1-0"]
[WhiteElo "1972"]
[BlackElo "1693"]
[PlyCount "45"]
[EventDate "2008.09.28"]
[Source "MonRoi"]

1. e4 e5 2. Nf3 Nc6 3. d4 exd4 4. Nxd4 Nf6 5. Nc3 Bb4 6. Nxc6 bxc6 7. Bd3 O-O
8. O-O h6 9. e5 Bxc3 10. bxc3 Nd5 11. c4 Nb6 12. Re1 d6 13. Ba3 c5 14. Qf3 Rb8
15. Rad1 Qg5 16. Qe4 g6 17. Bc1 Qh5 18. exd6 cxd6 19. Qf4 Kg7 20. Bb2+ Kh7 21.
Qf6 Rg8 22. Qxf7+ Rg7 23. Qxg7# 1-0